Pays du monde contenant un Q - Statistiques

Statistiques générales
  • Ce quiz a été pris 967 fois
  • Le résultat moyen est 9 sur 15
Statistiques - réponses
Pays % Correct
Qatar
92%
République tchèque
75%
République démocratique du Congo
73%
Mozambique
69%
République dominicaine
68%
Équateur
67%
République Centrafricaine
67%
Afrique du Sud
64%
Mexique
59%
Belgique
52%
Slovaquie
52%
Turquie
52%
Dominique
51%
Jamaique
50%
Guinée équatoriale
39%
Aucun quiz correspondant
Distribution des résultats
% des personnes avec chaque résultat
Percentile par nombre de réponses
Votre historique - résultats
Vous n’avez pas pris ce quiz